Bandiere dell'Oceania - Statistics

Statistiche generali
  • Questo quiz è stato fatto 2.128 volte
  • Il punteggio medio è 12 su 14
Statistiche sulle risposte
con Immagini Risposta % Corretto
Australia
100%
Nuova Zelanda
99%
Palau
90%
Figi
89%
Papua Nuova Guinea
89%
Stati Federati di Micronesia
85%
Tonga
84%
Kiribati
83%
Isole Marshall
82%
Nauru
78%
Isole Salomone
77%
Samoa
76%
Tuvalu
75%
Vanuatu
74%
Nessun quiz corrispondente trovato
Distribuzione punteggi
Percentuale di utenti per punteggio
Percentile per numero di risposta
I tuoi punteggi nel tempo
Non hai fatto questo quiz